000 00465nmm a2200157Ia 4500
008 251105s9999||||xx |||||||||||||||||und||
041 _aspa
100 _aCassidy, Carla
245 0 _aReglas de compromiso
264 _a[Madrid, España] :
_bHarlequin,
_c[Fecha de publicación no identificada]
300 _a0 páginas
490 _a'Casado con la hija del jefe'
650 _aRomance
856 _uhttps://public.digitaliapublishing.com/a/95743
942 _cCF
999 _c98672
_d98672